000 01308nam a22002297a 4500
001 5533
003 FISKH
005 20241217090230.0
008 241217b cb ||||| |||| 00| 0 eng d
020 _a9782070149933
040 _aFISKH
_bFre
_cFISKH
_dFISKH
050 _aPQ3989.S2455
082 _a843.92
100 _aSansal, Boualem
245 _a2084 : la fin du monde /
_cBoualem Sansal
260 _aParis :
_bGallimard,
_c2015.
300 _a273 pages :
_c21 cm
520 _aL'Abistan, immense empire, tire son nom du prophète Abi, "délégué" de Yölah sur terre. Son système est fondé sur l'amnésie et la soumission au dieu unique. Toute pensée personnelle est bannie, un système de surveillance omniprésent permet de connaître les idées et les actes déviants. Le peuple unanime vit dans le bonheur de la foi sans questions. Mais un homme, Ati, met en doute les certitudes imposées. Il se lance dans une enquête sur un peuple de renégats qui vit dans des ghettos, sans le recours de la religion. Au fil d'un récit plein d'inventions cocasses ou inquiétantes, Boualem Sansal s'inscrit dans la filiation d'Orwell pour brocarder les dérives et l'hypocrisie du radicalisme religieux.
650 _aAlgerian literature
_vTotalitarianism
942 _2ddc
_cBK
_n0
999 _c5533
_d5533